[Event "World Blitz Women 2017"]
[Site "Riyadh KSA"]
[Date "2017.12.30"]
[Round "18.40"]
[White "Gevorgyan, Maria"]
[Black "Vijayalakshmi, Subbaraman"]
[Result "1-0"]
[WhiteTitle "WIM"]
[BlackTitle "IM"]
[WhiteElo "2275"]
[BlackElo "2357"]
[WhiteFideId "13300270"]
[BlackFideId "5004098"]
[EventDate "2017.12.29"]

1. e4 e5 2. Nf3 Nc6 3. Bc4 Bc5 4. c3 Nf6 5. d3 d6 6. O-O a6 7. Bb3 Ba7 8. Nbd2
O-O 9. h3 Ne7 10. Re1 Ng6 11. Nf1 Be6 12. Ng3 Re8 13. d4 exd4 14. cxd4 c5 15.
Bxe6 Rxe6 16. d5 Re8 17. Bd2 c4 18. Bc3 b5 19. a3 Nf4 20. Bd4 Nd3 21. Qd2 Bxd4
22. Nxd4 Qb6 23. Ndf5 Kh8 24. Re2 Ng8 25. Nxg7 Kxg7 26. Qg5+ Kf8 27. Nf5 Red8
28. Qg7+ Ke8 29. Qxg8+ Kd7 30. Qxf7+ Kc8 31. Ne7+ Kc7 32. Nc6+ Rd7 33. Qf5 Re8
34. Rd2 Rg8 35. Rad1 Rdg7 36. g4 Qc5 37. b4 cxb3 38. Rxd3 b2 39. Nb4 Qc1 40.
Nxa6+ Kb6 41. Qe6 Rd8 42. Qf6 Rgd7 43. Qd4+ Kxa6 44. Qb4 Rc7 45. Kg2 Rc2 46. a4
Rb8 1-0

[Event "World Blitz Women 2017"]
[Site "Riyadh KSA"]
[Date "2017.12.30"]
[Round "18.41"]
[White "Doluhanova, Evgeniya"]
[Black "Zimina, Olga"]
[Result "0-1"]
[WhiteTitle "WGM"]
[BlackTitle "IM"]
[WhiteElo "2352"]
[BlackElo "2415"]
[WhiteFideId "14112035"]
[BlackFideId "4132190"]
[EventDate "2017.12.29"]

1. e4 c6 2. d4 d5 3. Nc3 dxe4 4. Nxe4 Bf5 5. Ng3 Bg6 6. Nf3 Nd7 7. h4 h6 8. h5
Bh7 9. Bd3 Bxd3 10. Qxd3 e6 11. Bd2 Ngf6 12. O-O-O Qc7 13. Ne4 O-O-O 14. Qe2
Nxe4 15. Qxe4 Nf6 16. Qe2 Bd6 17. Kb1 Rhe8 18. Ne5 Kb8 19. g4 c5 20. c3 cxd4 21.
cxd4 Nd5 22. f4 Bb4 23. Rc1 Qe7 24. Bxb4 Nxb4 25. Qb5 f6 26. Ng6 Qd6 27. a3 Nc6
28. Rhd1 Qd5 29. Rc5 Qe4+ 30. Ka2 Nxd4 31. Qb4 Qe3 32. Rdc1 Rd7 33. R5c4 Red8
34. Ne7 b6 35. Rxd4 Rxd4 36. Nc6+ Kb7 37. Nxd4 Qxd4 38. Qe7+ Qd7 39. Qb4 Qd5+
40. Ka1 Qd2 41. Rc3 Qd1+ 42. Ka2 Qd5+ 43. Ka1 Qd1+ 44. Ka2 Qd6 45. Qa4 Qd5+ 46.
Ka1 Qd1+ 47. Qxd1 Rxd1+ 48. Ka2 Rd4 49. Rf3 Kc6 50. Kb3 Kd5 51. Kc3 Ke4 52. Rf1
Rd3+ 53. Kc2 Rg3 54. Re1+ Kd5 55. Rd1+ Kc6 56. Re1 Kd6 57. Rd1+ Ke7 58. f5 Rxg4
59. fxe6 Kxe6 60. Rd8 Rh4 61. Ra8 Ra4 62. Rg8 Kf7 63. Rd8 f5 64. Rd7+ Kf6 65.
Rd6+ Kg5 66. Rg6+ Kxh5 67. Rxg7 f4 68. Kb3 Ra5 69. Kc4 Rf5 70. Kd3 f3 71. Rg1 f2
72. Rf1 Kg4 73. Ke2 Kg3 74. b4 Kg2 75. Rc1 0-1

[Event "World Blitz Women 2017"]
[Site "Riyadh KSA"]
[Date "2017.12.30"]
[Round "18.42"]
[White "Fierro Baquero, Martha L."]
[Black "Ovod, Evgenija"]
[Result "1/2-1/2"]
[WhiteTitle "IM"]
[BlackTitle "IM"]
[WhiteElo "2369"]
[BlackElo "2364"]
[WhiteFideId "3600270"]
[BlackFideId "4131827"]
[EventDate "2017.12.29"]

1. c4 f5 2. g3 Nf6 3. Bg2 d6 4. Nc3 g6 5. d3 Bg7 6. e4 O-O 7. Nge2 c5 8. O-O Nc6
9. a3 Be6 10. Rb1 fxe4 11. Nxe4 Nxe4 12. Bxe4 Bh3 13. Re1 Bg4 14. Be3 Nd4 15.
Bxd4 Bxd4 16. Rf1 Qd7 17. Qd2 Bxe2 18. Qxe2 Rf6 19. Kg2 e5 20. b4 Raf8 21. f3 b6
22. bxc5 dxc5 23. h4 h5 24. Qd2 Kg7 25. Qg5 Rd6 26. Rbe1 Qd8 27. Qxd8 Rdxd8 28.
a4 Rd6 29. Re2 Rdf6 30. Rb1 Rd6 31. Ra2 a5 32. Ra3 Rff6 33. Rab3 Kh6 34. Rh1 Kg7
35. Rf1 Kf8 36. Rfb1 Ke7 1/2-1/2

[Event "World Blitz Women 2017"]
[Site "Riyadh KSA"]
[Date "2017.12.30"]
[Round "18.43"]
[White "Gara, Anita"]
[Black "Sedina, Elena"]
[Result "0-1"]
[WhiteTitle "IM"]
[BlackTitle "IM"]
[WhiteElo "2367"]
[BlackElo "2312"]
[WhiteFideId "709751"]
[BlackFideId "812153"]
[EventDate "2017.12.29"]

1. e4 e6 2. d4 d5 3. Bd3 c5 4. c3 Nc6 5. Nf3 cxd4 6. cxd4 dxe4 7. Bxe4 Nf6 8.
Bc2 Be7 9. a3 O-O 10. O-O b6 11. Nc3 Bb7 12. Bg5 g6 13. Re1 Rc8 14. Qd3 Re8 15.
Rad1 Nd5 16. Nxd5 Qxd5 17. Bb3 Qd8 18. Bxe7 Rxe7 19. h4 Na5 20. Ba2 Bd5 21. Bxd5
Qxd5 22. Ne5 Nc4 23. Re2 Nxe5 24. Rxe5 Qc4 25. Qxc4 Rxc4 26. d5 Rd7 27. h5 Kg7
28. hxg6 hxg6 29. g3 Rc5 30. Kg2 Rcxd5 31. Rexd5 exd5 32. Rd4 Kf6 33. Kf3 Ke5
34. Ke3 Rc7 35. Rd2 Rc4 36. f3 Rc1 37. f4+ Ke6 38. Kd4 Rc4+ 39. Kd3 Re4 40. Rc2
Kd7 41. b4 Re1 42. Rh2 Ra1 43. Rh7 Rxa3+ 44. Kd4 Ke6 45. g4 Rf3 46. f5+ gxf5 47.
gxf5+ Rxf5 48. Rh8 Rf4+ 49. Kc3 Rc4+ 50. Kb3 Rc7 51. Rh3 f5 52. b5 Ke5 53. Rh6
f4 54. Rh5+ Ke4 55. Rh8 f3 56. Re8+ Kd3 57. Rf8 Ke3 58. Re8+ Kf2 59. Rf8 Ke2 60.
Rf5 d4 61. Re5+ Kd2 62. Rf5 Ke2 63. Re5+ Kf1 64. Rd5 f2 65. Rxd4 Re7 66. Rf4 Ke2 0-1

[Event "World Blitz Women 2017"]
[Site "Riyadh KSA"]
[Date "2017.12.30"]
[Round "18.44"]
[White "Kovanova, Baira"]
[Black "Ambartsumova, Karina"]
[Result "1-0"]
[WhiteTitle "WGM"]
[BlackTitle "WGM"]
[WhiteElo "2367"]
[BlackElo "2359"]
[WhiteFideId "4164083"]
[BlackFideId "4166299"]
[EventDate "2017.12.29"]

1. Nf3 g6 2. d4 Bg7 3. c4 d6 4. Nc3 e6 5. Bf4 Ne7 6. e3 b6 7. h3 Bb7 8. Be2 Nd7
9. O-O O-O 10. Bh2 h6 11. Qc2 a6 12. b4 Rc8 13. Rab1 e5 14. Rfd1 Qe8 15. c5 dxc5
16. bxc5 Nf5 17. Re1 Ba8 18. Bd1 bxc5 19. dxc5 Nxc5 20. Be2 e4 21. Nd2 Nd3 22.
Rf1 Qc6 23. Ndxe4 Nd6 24. Qxd3 Bxc3 25. Qxc3 Nxe4 26. Qxc6 Bxc6 27. Rfc1 Bd5 28.
Rxc7 Rxc7 29. Bxc7 Nc3 30. Re1 Nxe2+ 31. Rxe2 Rc8 32. Be5 Rc1+ 33. Kh2 Rd1 34.
Rb2 Kh7 35. Rb8 g5 36. Rd8 Kg6 37. e4 Bb3 38. Rg8+ Kh7 39. Rg7+ Kh8 40. Rxg5+
Kh7 41. Rg7+ Kh8 42. Rxf7+ Kg8 43. Rg7+ Kf8 44. axb3 1-0

[Event "World Blitz Women 2017"]
[Site "Riyadh KSA"]
[Date "2017.12.30"]
[Round "18.45"]
[White "Albzoor, Anwar"]
[Black "Melia, Salome"]
[Result "0-1"]
[WhiteTitle "WFM"]
[BlackTitle "IM"]
[WhiteElo "1595"]
[BlackElo "2404"]
[WhiteFideId "11500522"]
[BlackFideId "13602446"]
[EventDate "2017.12.29"]

1. Nf3 Nf6 2. c4 e6 3. Nc3 d5 4. cxd5 exd5 5. d4 c6 6. g3 Bd6 7. Bg2 h6 8. O-O
O-O 9. Bd2 Re8 10. Rc1 Bf5 11. Na4 Nbd7 12. Nc5 Qb6 13. Na4 Qc7 14. Nc5 Nb6 15.
b3 Ne4 16. Ba5 Qe7 17. e3 Nxc5 18. dxc5 Bxc5 19. Nd4 Bxd4 20. exd4 Nd7 21. Re1
Qd6 22. Qd2 Nf6 23. Bb4 Qd7 24. Re5 Ng4 25. Rxe8+ Rxe8 26. Re1 Rxe1+ 27. Qxe1
Qe6 28. Qxe6 Bxe6 29. Bd6 Nf6 30. Bb8 a6 31. Kf1 Bf5 32. Ke2 Kf8 33. a4 Bc2 34.
a5 Bxb3 35. Bh3 Bc4+ 0-1

[Event "World Blitz Women 2017"]
[Site "Riyadh KSA"]
[Date "2017.12.30"]
[Round "19.1"]
[White "Dzagnidze, Nana"]
[Black "Kulon, Klaudia"]
[Result "1-0"]
[WhiteTitle "GM"]
[BlackTitle "WGM"]
[WhiteElo "2522"]
[BlackElo "2370"]
[WhiteFideId "13601903"]
[BlackFideId "1131044"]
[EventDate "2017.12.29"]

1. d4 Nf6 2. Nf3 g6 3. g3 Bg7 4. Bg2 O-O 5. O-O d6 6. c4 Nc6 7. Nc3 e5 8. b3 Bf5
9. dxe5 dxe5 10. Bb2 Qe7 11. Qc1 Rfd8 12. Rd1 Nd4 13. e3 Nxf3+ 14. Bxf3 c6 15.
Rxd8+ Rxd8 16. Qe1 e4 17. Be2 Nd7 18. Rd1 Ne5 19. Rxd8+ Qxd8 20. Qd1 Qa5 21. Qa1
Nd3 22. Bxd3 exd3 23. a3 d2 24. b4 Qd8 25. Nd1 Bxb2 26. Qxb2 Bg4 27. Qc2 Bf3 28.
h3 Qd7 29. Kh2 Qf5 30. Qxd2 Qb1 31. Qd8+ Kg7 32. Qd4+ f6 33. Qf4 Qxd1 34. Qc7+
Kf8 35. Qc8+ Ke7 36. Qxb7+ Qd7 37. Qb8 Be2 38. Qf4 Qd6 39. Qe4+ Kf7 40. c5 Qd5
41. Qf4 Qd7 42. Qe4 Ba6 43. Qf4 Bc8 44. Kg1 Qxh3 45. Qc7+ Qd7 46. Qb8 h5 47. Kh2
h4 48. gxh4 Ba6 49. Qf4 Bd3 50. Kg3 Bf5 51. e4 Be6 52. f3 Kg7 53. Qb8 Bf7 54.
Qf4 Qd1 55. Qe3 Qh1 56. e5 fxe5 57. Qxe5+ Kh7 58. Qe7 Qg1+ 59. Kh3 Qf1+ 60. Kg3
Qc4 61. Qxa7 Kh6 62. Qc7 Be6 63. Qf4+ Qxf4+ 64. Kxf4 Bb3 65. Ke5 Kh5 66. b5 cxb5
67. c6 Bd1 68. c7 1-0

[Event "World Blitz Women 2017"]
[Site "Riyadh KSA"]
[Date "2017.12.30"]
[Round "19.3"]
[White "Nechaeva, Marina"]
[Black "Gunina, Valentina"]
[Result "0-1"]
[WhiteTitle "IM"]
[BlackTitle "GM"]
[WhiteElo "2424"]
[BlackElo "2510"]
[WhiteFideId "4149351"]
[BlackFideId "4167570"]
[EventDate "2017.12.29"]

1. d4 Nf6 2. c4 e6 3. Nc3 Bb4 4. Qc2 O-O 5. a3 Bxc3+ 6. Qxc3 Ne4 7. Qc2 d5 8.
Nf3 c5 9. e3 cxd4 10. Nxd4 e5 11. Nf3 Bf5 12. Bd3 Nd7 13. cxd5 Rc8 14. Qe2 Ndc5
15. Bxe4 Bxe4 16. O-O Bd3 17. Qd1 Bxf1 18. Kxf1 e4 19. Ne1 Qd6 20. b4 Qa6+ 21.
Qe2 Nd3 22. Nxd3 exd3 23. Qd2 Rc2 0-1

[Event "World Blitz Women 2017"]
[Site "Riyadh KSA"]
[Date "2017.12.30"]
[Round "19.4"]
[White "Tan, Zhongyi"]
[Black "Krush, Irina"]
[Result "1-0"]
[WhiteTitle "GM"]
[BlackTitle "GM"]
[WhiteElo "2517"]
[BlackElo "2431"]
[WhiteFideId "8603642"]
[BlackFideId "2012782"]
[EventDate "2017.12.29"]

1. d4 Nf6 2. c4 c5 3. d5 g6 4. Nc3 Bg7 5. e4 d6 6. Nf3 O-O 7. Be2 e6 8. O-O Na6
9. h3 Nc7 10. Be3 Rb8 11. a4 e5 12. Ne1 b6 13. Nd3 Nd7 14. f4 exf4 15. Bxf4 Qe7
16. Qd2 Ne5 17. Nxe5 Bxe5 18. Kh1 a6 19. Rf3 f6 20. Raf1 Bd7 21. Bxe5 Qxe5 22.
Bd3 b5 23. axb5 axb5 24. b3 bxc4 25. bxc4 Na6 26. Nd1 Rb3 27. Qa2 Rxd3 28. Rxd3
Nb4 29. Qd2 Nxd3 30. Qxd3 Re8 31. Nc3 f5 32. exf5 Bxf5 33. Qd2 Kg7 34. Nb5 Re7
35. Qf2 h5 36. Qf3 Re8 37. Qf2 Re7 38. Qh4 Rf7 39. Qe1 Qf6 40. Qa1 Qxa1 41. Rxa1
Rd7 42. Ra6 Kf6 43. Nxd6 Bd3 44. Ne4+ Kf5 45. Nxc5 Re7 46. Nxd3 1-0

[Event "World Blitz Women 2017"]
[Site "Riyadh KSA"]
[Date "2017.12.30"]
[Round "19.6"]
[White "Abdumalik, Zhansaya"]
[Black "Lagno, Kateryna"]
[Result "0-1"]
[WhiteTitle "IM"]
[BlackTitle "GM"]
[WhiteElo "2449"]
[BlackElo "2547"]
[WhiteFideId "13703544"]
[BlackFideId "14109336"]
[EventDate "2017.12.29"]

1. e4 e5 2. Nf3 Nc6 3. Bb5 a6 4. Ba4 Nf6 5. O-O b5 6. Bb3 Bc5 7. c3 d6 8. d4 Bb6
9. Be3 O-O 10. h3 h6 11. Nbd2 Re8 12. Re1 Bb7 13. d5 Ne7 14. Bxb6 cxb6 15. c4
bxc4 16. Bxc4 Ng6 17. Bf1 Qe7 18. Nc4 Nd7 19. Ne3 Rec8 20. Nf5 Qf6 21. Qd2 Ne7
22. Ne3 g5 23. Rac1 h5 24. Nc4 Rc5 25. Rcd1 Rac8 26. b3 b5 27. Na5 Ba8 28. Qxg5+
Qxg5 29. Nxg5 Nb6 30. Bd3 Ng6 31. g3 h4 32. Nf3 hxg3 33. fxg3 Ne7 34. Kf2 f5 35.
Ng5 fxe4 36. Nxe4 Rf8+ 37. Kg1 Rxd5 38. b4 Rd4 39. a3 d5 40. Nc5 e4 41. Bc2 Rxd1
42. Rxd1 Nf5 43. Bb3 Nxg3 44. Ne6 Rf3 45. Nd4 Rc3 46. Ba2 Rxa3 47. Bb1 Nc4 48.
Nac6 Bxc6 49. Nxc6 Ne3 50. Re1 Ngf5 51. Kh2 Rb3 52. Ba2 Rb2+ 53. Kg1 Rxa2 0-1

[Event "World Blitz Women 2017"]
[Site "Riyadh KSA"]
[Date "2017.12.30"]
[Round "19.7"]
[White "Pham, Le Thao Nguyen"]
[Black "Ju, Wenjun"]
[Result "0-1"]
[WhiteTitle "IM"]
[BlackTitle "GM"]
[WhiteElo "2354"]
[BlackElo "2567"]
[WhiteFideId "12401226"]
[BlackFideId "8603006"]
[EventDate "2017.12.29"]

1. d4 f5 2. Nf3 Nf6 3. g3 g6 4. Bg2 Bg7 5. O-O O-O 6. c4 d6 7. Nc3 Qe8 8. d5 c6
9. Nd4 Bd7 10. Rb1 Na6 11. b3 Rb8 12. Bb2 Nc7 13. Qd3 c5 14. Ndb5 Nxb5 15. cxb5
Kh8 16. Rfe1 Qf7 17. a4 Rbd8 18. Nd1 e5 19. dxe6 Bxe6 20. Ba1 d5 21. b4 c4 22.
Qd4 b6 23. e3 Ne4 24. Qxg7+ Qxg7 25. Bxg7+ Kxg7 26. Rc1 Nd2 27. Nc3 Nb3 28. Rcd1
Rd7 29. Nxd5 Rfd8 30. Nc3 Rd3 31. Bf1 Nd2 32. Bxd3 Nf3+ 33. Kf1 cxd3 34. Kg2
Nxe1+ 35. Rxe1 Bb3 36. Rb1 Bc2 37. Rc1 Rc8 38. Nd1 d2 39. Ra1 Bb3 40. Nb2 Rc2
41. Nd3 Ra2 42. Rxa2 d1=Q 43. Rb2 Qxd3 0-1

[Event "World Blitz Women 2017"]
[Site "Riyadh KSA"]
[Date "2017.12.30"]
[Round "19.8"]
[White "Padmini, Rout"]
[Black "Lei, Tingjie"]
[Result "1-0"]
[WhiteTitle "IM"]
[BlackTitle "GM"]
[WhiteElo "2324"]
[BlackElo "2528"]
[WhiteFideId "5029295"]
[BlackFideId "8605114"]
[EventDate "2017.12.29"]

1. Nf3 d5 2. g3 g6 3. Bg2 Bg7 4. d4 Nf6 5. O-O c6 6. c4 dxc4 7. a4 O-O 8. Nbd2
Na6 9. Nxc4 Nb4 10. Bd2 Nbd5 11. Ba5 b6 12. Bd2 Ba6 13. Rc1 Rc8 14. Nfe5 e6 15.
b4 Bb7 16. Qb3 Qe7 17. Rfe1 Rfd8 18. Red1 Nd7 19. Be1 Nxe5 20. Nxe5 f6 21. Nd3
Bf8 22. Bd2 Kg7 23. Rc2 Ba6 24. Rb1 Rc7 25. b5 cxb5 26. axb5 Rxc2 27. Qxc2 Bb7
28. Nb4 Nxb4 29. Bxb4 Qd7 30. Bxf8+ Rxf8 31. Bxb7 Qxb7 32. Rc1 Rf7 33. e3 Qd5
34. Qa4 Rd7 35. Rc8 Qd6 36. Qc4 Qd5 37. Qc6 h5 38. h4 Kh6 39. Rh8+ Kg7 40. Qc8
e5 41. Qf8# 1-0

[Event "World Blitz Women 2017"]
[Site "Riyadh KSA"]
[Date "2017.12.30"]
[Round "19.9"]
[White "Michna, Marta"]
[Black "Ushenina, Anna"]
[Result "0-1"]
[WhiteTitle "WGM"]
[BlackTitle "GM"]
[WhiteElo "2377"]
[BlackElo "2416"]
[WhiteFideId "1106686"]
[BlackFideId "14110911"]
[EventDate "2017.12.29"]

1. Nf3 d5 2. g3 g6 3. Bg2 Bg7 4. O-O Nf6 5. d3 O-O 6. c3 b6 7. a4 a6 8. Qc2 Bb7
9. Re1 c5 10. Nbd2 Nc6 11. e4 e5 12. exd5 Nxd5 13. Nc4 Re8 14. Bg5 f6 15. Bd2
Kh8 16. h4 Rc8 17. h5 g5 18. Bh3 Rc7 19. Nh2 Bc8 20. Bg2 Be6 21. a5 b5 22. Nb6
Ra7 23. Be4 Nce7 24. d4 cxd4 25. cxd4 Rc7 26. Qd3 f5 27. Bxd5 Nxd5 28. Nxd5 Qxd5
29. h6 Bf6 30. Rad1 e4 31. Qa3 Rd8 32. Bb4 Qb3 33. Qxb3 Bxb3 34. Rc1 Rdc8 35.
Rxc7 Rxc7 36. Bc3 Bd5 37. Nf1 Kg8 38. Ne3 Be6 39. d5 Bxc3 40. bxc3 Bd7 41. Rc1
Kf7 42. c4 bxc4 43. Nxc4 Kf8 44. d6 Rc5 45. Rc2 Kf7 46. Ne5+ Rxe5 0-1

[Event "World Blitz Women 2017"]
[Site "Riyadh KSA"]
[Date "2017.12.30"]
[Round "19.10"]
[White "Mammadzada, Gunay"]
[Black "Zhu, Chen"]
[Result "1-0"]
[WhiteTitle "WGM"]
[BlackTitle "GM"]
[WhiteElo "2333"]
[BlackElo "2423"]
[WhiteFideId "13403729"]
[BlackFideId "8600546"]
[EventDate "2017.12.29"]

1. e4 e5 2. Nf3 Nc6 3. Bb5 Nf6 4. O-O Nxe4 5. d4 Nd6 6. dxe5 Nxb5 7. a4 Nbd4 8.
Nxd4 d5 9. Nxc6 bxc6 10. Nd2 Be7 11. Nb3 c5 12. Na5 Qd7 13. c4 c6 14. Qf3 Bd8
15. Nb3 Be7 16. Rd1 d4 17. Na5 Bb7 18. Qg3 O-O 19. Bh6 g6 20. Bxf8 Bxf8 21. Nxb7
Qxb7 22. b3 Qd7 23. Rd3 Re8 24. f4 Qf5 25. Qf3 h5 26. Rad1 Bh6 27. g3 Rc8 28.
Kg2 a5 29. h3 Rc7 30. Rf1 Qe6 31. g4 hxg4 32. hxg4 Bg7 33. Re1 Re7 34. f5 gxf5
35. gxf5 Qh6 36. Rh1 Qg5+ 37. Qg3 Qxf5 38. Rf3 Qxe5 39. Qh4 Qe2+ 40. Rf2 Qe4+
41. Qxe4 Rxe4 42. Rh5 Re5 43. Rff5 Re2+ 44. Rf2 Re5 45. Rff5 Re2+ 46. Rf2 Re5
47. Rxe5 Bxe5 48. Rf5 f6 49. Kf3 Kf7 50. Ke4 Ke6 51. Rh5 Bd6 52. Rh6 Bg3 53. Rh8
f5+ 54. Kd3 Kf6 55. Rc8 Kg5 56. Rxc6 f4 57. Rxc5+ Kg4 58. Rxa5 Bf2 59. Ra8 Be3
60. Rg8+ Kf5 61. a5 f3 62. Rh8 f2 63. Rh1 Kg4 64. a6 Kg3 65. a7 1-0

[Event "World Blitz Women 2017"]
[Site "Riyadh KSA"]
[Date "2017.12.30"]
[Round "19.11"]
[White "Javakhishvili, Lela"]
[Black "Stefanova, Antoaneta"]
[Result "1-0"]
[WhiteTitle "IM"]
[BlackTitle "GM"]
[WhiteElo "2449"]
[BlackElo "2500"]
[WhiteFideId "13601458"]
[BlackFideId "2902257"]
[EventDate "2017.12.29"]

1. d4 d5 2. Nf3 Nf6 3. Bf4 e6 4. e3 Bd6 5. Bg3 O-O 6. c3 Ne4 7. Nbd2 f5 8. Nxe4
fxe4 9. Nd2 Qf6 10. Qe2 e5 11. O-O-O exd4 12. exd4 c6 13. f3 Bxg3 14. hxg3 Qg6
15. g4 Be6 16. Qe3 Nd7 17. fxe4 Bxg4 18. Re1 dxe4 19. Nxe4 Rae8 20. Bc4+ Kh8 21.
Bd3 h6 22. Rh4 Nf6 23. Reh1 h5 24. Nxf6 Qxf6 25. Rxh5+ Bxh5 26. Rxh5+ Kg8 27.
Bc4+ 1-0

[Event "World Blitz Women 2017"]
[Site "Riyadh KSA"]
[Date "2017.12.30"]
[Round "19.12"]
[White "Danielian, Elina"]
[Black "Buksa, Nataliya"]
[Result "1-0"]
[WhiteTitle "GM"]
[BlackTitle "WGM"]
[WhiteElo "2413"]
[BlackElo "2385"]
[WhiteFideId "13300210"]
[BlackFideId "14123622"]
[EventDate "2017.12.29"]

1. d4 d5 2. Bf4 Nf6 3. e3 g6 4. Nf3 Bg7 5. h3 c5 6. dxc5 Qa5+ 7. Nbd2 Qxc5 8. c4
O-O 9. a3 dxc4 10. Bxc4 Nc6 11. b4 Qb6 12. Rc1 Bf5 13. Qe2 Rad8 14. O-O Nh5 15.
Bh2 Bb2 16. g4 Bxc1 17. Rxc1 Ng7 18. gxf5 Nxf5 19. b5 Na5 20. Bc7 Qf6 21. Bxa5
Rd7 22. Ne4 Qg7 23. Bc3 Qh6 24. Kh2 Nd6 25. Nxd6 Rxd6 26. Be5 Rd7 27. Ba1 Rfd8
28. Qb2 e5 29. Qxe5 Kf8 30. Qh8+ Ke7 31. Bf6+ Kd6 32. Bxd8 Qh5 33. Rd1+ Kc5 34.
Rxd7 Kxc4 35. Qd4+ Kb3 36. Qb4+ Kc2 37. Rd2+ Kc1 38. Qb2# 1-0

[Event "World Blitz Women 2017"]
[Site "Riyadh KSA"]
[Date "2017.12.30"]
[Round "19.13"]
[White "Hoang, Thanh Trang"]
[Black "Charochkina, Daria"]
[Result "1-0"]
[WhiteTitle "GM"]
[BlackTitle "IM"]
[WhiteElo "2439"]
[BlackElo "2317"]
[WhiteFideId "12400149"]
[BlackFideId "4180917"]
[EventDate "2017.12.29"]

1. d4 d5 2. Bf4 g6 3. e3 Bg7 4. Nf3 Nf6 5. Be2 O-O 6. O-O b6 7. c4 Bb7 8. Nc3 e6
9. h3 Nbd7 10. Rc1 a6 11. Ne5 Qe7 12. cxd5 exd5 13. Bf3 Rac8 14. Qb3 Rfd8 15.
Rc2 Nf8 16. Rfc1 Ne6 17. Bh2 Ne4 18. Nxe4 dxe4 19. Be2 b5 20. Nc6 Bxc6 21. Rxc6
Qg5 22. Bg4 Kh8 23. Bxe6 fxe6 24. Qxe6 Rf8 25. Rxc7 Rce8 26. Qd7 Qf6 27. Be5
Qxf2+ 28. Kh1 1-0

[Event "World Blitz Women 2017"]
[Site "Riyadh KSA"]
[Date "2017.12.30"]
[Round "19.14"]
[White "Saduakassova, Dinara"]
[Black "Paehtz, Elisabeth"]
[Result "0-1"]
[WhiteTitle "IM"]
[BlackTitle "IM"]
[WhiteElo "2460"]
[BlackElo "2464"]
[WhiteFideId "13700090"]
[BlackFideId "4641833"]
[EventDate "2017.12.29"]

1. d4 e6 2. c4 b6 3. e4 Bb7 4. Nc3 Bb4 5. Bd3 f5 6. Qh5+ g6 7. Qe2 Nf6 8. f3 Nc6
9. e5 Nh5 10. Be3 Qh4+ 11. Bf2 Qg5 12. g3 Qe7 13. a3 Bxc3+ 14. bxc3 O-O-O 15.
Qb2 d6 16. exd6 Qxd6 17. O-O-O Na5 18. Be3 Kb8 19. Ne2 Bxf3 20. Rhf1 Bb7 21. Nf4
Nf6 22. c5 Qe7 23. Rfe1 Ne4 24. Bg1 g5 25. Ng2 Qd7 26. Ne3 Qa4 27. Bc2 Qd7 28.
cxb6 axb6 29. Bd3 Qd6 30. Nc4 Nxc4 31. Bxc4 Bd5 32. Bd3 Qc6 33. Kc2 Qa4+ 34. Kb1
Kb7 35. Rc1 Nd6 36. Qb4 Ra8 37. Kb2 Qxb4+ 38. cxb4 Be4 39. Bf1 h6 40. Re3 Ne8
41. Bc4 Ng7 42. Rec3 Rac8 43. Be3 Rhf8 44. a4 f4 45. Bf2 Bd5 46. Bb5 c6 47. Bd3
Nf5 48. gxf4 gxf4 49. a5 Nd6 50. a6+ Ka7 51. b5 cxb5 52. Rxc8 Rxc8 53. Rxc8 Nxc8
54. Bxb5 Nd6 55. Bd3 Bc4 56. Bxc4 Nxc4+ 57. Kc3 Nd6 58. Bh4 Kxa6 59. Be7 Nf5 60.
Bf8 f3 61. Kd3 Ka5 62. Ba3 b5 63. Bc5 Ka4 0-1

[Event "World Blitz Women 2017"]
[Site "Riyadh KSA"]
[Date "2017.12.30"]
[Round "19.15"]
[White "Bodnaruk, Anastasia"]
[Black "Huang, Qian"]
[Result "1-0"]
[WhiteTitle "IM"]
[BlackTitle "WGM"]
[WhiteElo "2428"]
[BlackElo "2438"]
[WhiteFideId "4181751"]
[BlackFideId "8602689"]
[EventDate "2017.12.29"]

1. e4 d6 2. d4 g6 3. Nc3 Bg7 4. Be3 c6 5. Qd2 b5 6. Bd3 Nd7 7. f4 e5 8. Nf3 Ngf6
9. h3 Nh5 10. fxe5 dxe5 11. O-O-O exd4 12. Bxd4 Bxd4 13. Nxd4 Ne5 14. Nf3 Nxd3+
15. cxd3 O-O 16. g4 Nf6 17. Qh6 Qe7 18. Ng5 Rd8 19. Rhf1 b4 20. e5 Qf8 21. Qxf8+
Rxf8 22. Rxf6 bxc3 23. bxc3 h6 24. Nf3 Be6 25. Nd4 Bxa2 26. Nxc6 Kg7 27. d4 a5
28. d5 a4 29. Kb2 Bc4 30. Ka3 Rfc8 31. Rd4 Bb3 32. Rd6 Rc7 33. e6 fxe6 34. dxe6
Re8 35. Rd7+ 1-0

[Event "World Blitz Women 2017"]
[Site "Riyadh KSA"]
[Date "2017.12.30"]
[Round "19.16"]
[White "Skripchenko, Almira"]
[Black "Guo, Qi"]
[Result "1/2-1/2"]
[WhiteTitle "IM"]
[BlackTitle "IM"]
[WhiteElo "2403"]
[BlackElo "2396"]
[WhiteFideId "13900145"]
[BlackFideId "8604002"]
[EventDate "2017.12.29"]

1. e4 c6 2. Nc3 d5 3. Nf3 Bg4 4. h3 Bxf3 5. Qxf3 Nf6 6. Be2 e6 7. O-O Nbd7 8. d4
dxe4 9. Nxe4 Nxe4 10. Qxe4 Nf6 11. Qd3 Bd6 12. Bf3 O-O 13. c3 Qc7 14. Bg5 Nd7
15. Rfe1 h6 16. Bd2 Bf4 17. Rad1 Bxd2 18. Rxd2 Nf6 19. Qc4 Rad8 20. Rde2 Rd6 21.
Re5 Rfd8 22. a4 Nd7 23. R5e2 Nf6 24. Re5 Nd7 25. R5e2 Nf6 26. Re5 Nd7 1/2-1/2

[Event "World Blitz Women 2017"]
[Site "Riyadh KSA"]
[Date "2017.12.30"]
[Round "19.17"]
[White "Szczepkowska, Karina"]
[Black "Cori T., Deysi"]
[Result "1-0"]
[WhiteTitle "IM"]
[BlackTitle "WGM"]
[WhiteElo "2419"]
[BlackElo "2389"]
[WhiteFideId "1122681"]
[BlackFideId "3801934"]
[EventDate "2017.12.29"]

1. d4 Nf6 2. c4 e6 3. Nf3 Bb4+ 4. Bd2 Qe7 5. g3 O-O 6. Bg2 a5 7. Nc3 d6 8. O-O
e5 9. Bg5 Bxc3 10. bxc3 h6 11. Bc1 Nc6 12. Ba3 e4 13. Ne1 a4 14. Nc2 Na5 15. Ne3
Ng4 16. Nd5 Qd8 17. Bxe4 Nxc4 18. Bc1 c6 19. Nf4 d5 20. Bg2 Re8 21. Qd3 Nf6 22.
Re1 Nd6 23. Qd1 Bf5 24. Nd3 Nc4 25. Bf4 Ne4 26. Rc1 Qf6 27. Ne5 g5 28. Nxc4 gxf4
29. Ne5 fxg3 30. hxg3 Bh7 31. Bxe4 dxe4 32. Qd2 Qg5 33. Qxg5+ hxg5 34. e3 Bf5
35. Kg2 f6 36. Nc4 Bg4 37. Nd2 Kg7 38. Rb1 b5 39. d5 Bd7 40. c4 Rab8 41. cxb5
cxb5 42. Rec1 Rec8 43. Nxe4 Rxc1 44. Rxc1 Bf5 45. Rc7+ Kg6 46. Nd6 b4 47. e4 Bg4
48. f3 b3 49. axb3 axb3 50. fxg4 b2 51. Nf5 Rg8 52. Ne7+ Kf7 53. Nxg8+ Kxg8 54.
Rb7 1-0